| 000 | 00778nam a2200241 i 4500 | ||
|---|---|---|---|
| 001 | 169308 | ||
| 003 | ES-MaACL | ||
| 005 | 20250921063037.0 | ||
| 008 | 080829s2007 sp |||| | spa d | ||
| 017 | _aM-48.449-2007 | ||
| 020 | _a978-84-7522-694-1 | ||
| 080 | _a821.133.1-14"19" | ||
| 100 | 1 |
_aVerlaine, Paul, _d1844-1896 _9114142 |
|
| 245 | 1 | 0 |
_aPoesía / _cPaul Verlaine ; edición de Jacinto Luis Guereña. |
| 250 | _a6ª ed. | ||
| 300 |
_a284 p. ; _c20 cm. |
||
| 490 | 1 |
_aColección Visor de poesía ; _v176 |
|
| 546 | _aTexto en francés y traducción en español. | ||
| 700 | 0 |
_aGuereña, Jacinto Luis, _d1915-2007 _960460 |
|
| 830 | 0 |
_aColección Visor de poesía _v176 _9177331 |
|
| 852 | 4 |
_aES-MaACL _jL-29664 _9R.143167 |
|
| 999 |
_c169308 _d169308 |
||